Southville International School and Colleges
Your cart is empty.
  • Cart
  • Lists
    Public lists Eva Luna New books Lux_list list_1
    Your lists Log in to create your own lists
  • Log in to your account
  • Your cookies
  • Search history
Southville International School and Colleges
  • Advanced search
  • Recent comments
  • Most popular
  • Libraries

Log in to your account

Log in with GOOGLE


If you do not have an external account, but do have a local account, you can still log in:

  1. Home
  2. MARC view: The Value of fantasy :
Normal view MARC view ISBD view

The Value of fantasy : (Record no. 102858)

[ view plain ]
MARC details
000 -LEADER
fixed length control field 00813nam a2200205 a 4500
005 - DATE AND TIME OF LATEST TRANSACTION
control field 20140412111244.0
008 - FIXED-LENGTH DATA ELEMENTS--GENERAL INFORMATION
fixed length control field 001110s19uu xx 00 eng d
020 ## - INTERNATIONAL STANDARD BOOK NUMBER
International Standard Book Number 0-916392-43-0
050 ## - LIBRARY OF CONGRESS CALL NUMBER
Classification number REF 303.3
Item number J63 1979
100 ## - MAIN ENTRY--PERSONAL NAME
Personal name Johnson, Spencer
245 ## - TITLE STATEMENT
Title The Value of fantasy :
Remainder of title the story of Hans Christian /
Statement of responsibility, etc Spencer Johnson ; illustrated by Steve Pileggi.
260 ## - PUBLICATION, DISTRIBUTION, ETC. (IMPRINT)
Place of publication, distribution, etc La Jolla, CA :
Name of publisher, distributor, etc Value Comm., Inc Pub,
Date of publication, distribution, etc 1979.
300 ## - PHYSICAL DESCRIPTION
Extent 63 p. ; col. ; ill.
440 ## - SERIES STATEMENT/ADDED ENTRY--TITLE
Title A Value Tale Series
520 ## - SUMMARY, ETC.
Summary, etc A brief biography of the 19th-century Danish author of many well-known fairy talesm which stresses the value of personal fantasies and imagination.
650 ## - SUBJECT ADDED ENTRY--TOPICAL TERM
Topical term or geographic name as entry element Andersen, Hans Christian, 1805-1875
650 ## - SUBJECT ADDED ENTRY--TOPICAL TERM
Topical term or geographic name as entry element Author, Danish--19th century--Biography
650 ## - SUBJECT ADDED ENTRY--TOPICAL TERM
Topical term or geographic name as entry element Imaginations
Holdings
Withdrawn status Lost status Damaged status Home library Current library Shelving location Date acquired Source of acquisition Total Checkouts Full call number Barcode Date last seen Price effective from Koha item type
      Elizalde Library Elizalde Library Reference Section 11/10/2000     REF 303.3 J63 1979 E3010 04/12/2014 04/12/2014 Books

The Value of fantasy :

APA

Johnson S., . (1979). The Value of fantasy. La Jolla, CA: Value Comm., Inc Pub.

Chicago

Johnson Spencer, . 1979. The Value of fantasy. La Jolla, CA: Value Comm., Inc Pub.

Harvard

Johnson S., . (1979). The Value of fantasy. La Jolla, CA: Value Comm., Inc Pub.

MLA

Johnson Spencer, . The Value of fantasy. La Jolla, CA: Value Comm., Inc Pub. 1979.

  • Place hold
  • Print
  • Cite
  • Add to your cart (remove)
  • Save record
    BIBTEX Dublin Core MARCXML MARC (non-Unicode/MARC-8) MARC (Unicode/UTF-8) MARC (Unicode/UTF-8, Standard) MODS (XML) RIS
  • More searches
    Search for this title in:
    Other Libraries (WorldCat) Other Databases (Google Scholar) Online Stores (Bookfinder.com) Open Library (openlibrary.org)

Exporting to Dublin Core...

SOUTHVILLE LIBRARY

Southville International School and Colleges Library

1281 Tropical Ave. Cor. Luxembourg St., BF Homes International, Las Pinas City

Tel. No. 8256374 / 252358 Loc. 117/146

Powered by Koha